Lata wycofania tramwajów typu N z ruchu liniowego - Statystyki

Ogólne statystyki
  • Ten quiz został rozwiązany 12 razy
  • Średni wynik to 19 z 20
Statystyki odpowiedzi
Odpowiedź % Poprawnych
1959
100%
1966
100%
1982
100%
1986
100%
1991
100%
1991
100%
1992
100%
1962
90%
1965
90%
1969
90%
1971
90%
1980
90%
1988
90%
1988
90%
1991
90%
1993
90%
1996
90%
1997
90%
1968
80%
1969
80%
Nie znaleziono quizów pasujących do podanych kryteriów
Rozkład punktacji
Procent ludzi z każdym wynikiem
Percentyl według liczby udzielonych odpowiedzi
Twoja historia wyników
Nie rozwiązałeś tego quizu